Antologia poètica / Miquel Martí i Pol ; pròleg de Ricard Torrents
Descripción Física:
226 p. ; 24 cm
Colección:
Llibres d'abril ; 6
Otros Autores:
Torrents, Ricard
MARC
| LEADER | 00000nam a2200000Ia 4500 | ||
|---|---|---|---|
| 001 | 11989 | ||
| 008 | 160829s1998 xx 000 0 cat d | ||
| 080 | |a L-1-61 | ||
| 100 | |a Martí i Pol, Miquel, |d 1929-2003 |9 36929 | ||
| 245 | |a Antologia poètica / Miquel Martí i Pol ; pròleg de Ricard Torrents | ||
| 260 | |a Barcelona : |b Diputació de Barcelona, |c 1998 | ||
| 300 | |a 226 p. ; |c 24 cm | ||
| 490 | |a Llibres d'abril ; 6 | ||
| 700 | |a Torrents, Ricard |e autor del pròleg |9 25501 | ||
| 710 | 1 | |a Barcelona (Catalunya : Província). |b Diputació |9 52408 | |
| 901 | |a Arxiu | ||
| 942 | |n 1 |2 udc | ||
| 952 | |0 0 |1 0 |4 0 |6 L161 |7 1 |9 47574 |a Arxiu |b Arxiu |d 2016-12-01 |l 0 |o L-1-61 |p 11989 |r 2016-12-01 00:00:00 |w 2016-12-01 |y ARXIU | ||
| 999 | |c 51373 |d 51373 | ||